| 000 | 00436nam a2200145Ia 4500 | ||
|---|---|---|---|
| 008 | 230917s9999||||xx |||||||||||||| ||und|| | ||
| 040 |
_e177692 _aMAIN |
||
| 041 | _aEnglish | ||
| 082 | _a891.437731 PM273K | ||
| 100 | _aपविता बाई | ||
| 245 | 0 | _aमधुसूदन पाटिल का व्यग्यं साहित्यः विविध आयाम | |
| 260 | _c1998 | ||
| 300 | _a92 p. | ||
| 942 | _cTH | ||
| 999 |
_c87629 _d87629 |
||